[Event "Brussels FEFB op"]
[Site "Brussels"]
[Date "2011.06.01"]
[Round "1"]
[White "Akhayan, Ruben"]
[Black "Brion, Philippe"]
[Result "1-0"]
[WhiteElo "2280"]
[BlackElo "1746"]
[PlyCount "105"]
[EventDate "2011.06.01"]
[EventType "swiss"]
[EventRounds "7"]
[EventCountry "BEL"]
[SourceTitle "EXT 2015"]
[Source "ChessBase"]
[SourceDate "2014.11.20"]
[SourceVersion "1"]
[SourceVersionDate "2014.11.20"]
[SourceQuality "1"]

1. e4 e5 2. Bc4 d6 3. Nc3 Nf6 4. d3 Be7 5. f4 Nbd7 6. Nf3 c6 7. a4 Qc7 8. 0-0 Nc5 9. Kh1 Be6 10. b4 Bxc4 11. bxc5 Ba6 12. cxd6 Bxd6 13. fxe5 Bxe5 14. Nxe5 Qxe5 15. Bb2 Qh5 16. Qd2 0-0 17. Rf5 Qh4 18. Raf1 Ng4 19. h3 Nh6 20. R5f4 Qe7 21. Ne2 f6 22. Ng3 Rad8 23. Rh4 Nf7 24. Nf5 Qe6 25. Rg4 g6 26. Nd4 Qd6 27. Rgf4 Ne5 28. Qc3 b6 29. Qb3+ Kh8 30. Ne2 Bc8 31. Qc3 Rde8 32. d4 Nd7 33. Qd3 Rf7 34. Ng1 Rfe7 35. c4 Ba6 36. e5 fxe5 37. Rf7 Qe6 38. Rxe7 Rxe7 39. Rc1 Kg8 40. dxe5 Nxe5 41. Qc3 Qxc4 42. Qg3 Qe6 43. Re1 Qd7 44. Bxe5 Bc4 45. Nf3 Qd5 46. Qh4 Rf7 47. Qg4 b5 48. axb5 cxb5 49. Ba1 Rd7 50. Qf4 Rd8 51. Qf6 Qd7 52. Qh8+ Kf7 53. Qg7# 1-0